| 000 | 00450nam a2200193Ia 4500 | ||
|---|---|---|---|
| 005 | 20240823013028.0 | ||
| 008 | 240823s9999||||xx |||||||||||||| ||und|| | ||
| 020 | _a81-7722-376-3 | ||
| 041 | _aENGLISH | ||
| 082 | _A658.8 P3 | ||
| 100 | _a"Clow,Kenneth E" | ||
| 245 | 0 | _aServices marketing | |
| 250 | _a2nd | ||
| 260 |
_c2003 _b"Biztantra,New " |
||
| 500 | _aYES | ||
| 650 |
_aMarketing _bManagement Studies |
||
| 942 | _cBK | ||
| 999 |
_c166085 _d166085 |
||